000 00856nas a2200301 4500
001 BR9904656
003 BR-BrBNA
005 20231205101605.0
007 ta
008 230509b bl.|||p| |||| 00| 00por d
040 _aBR-BrBNA
_bpor
_cBiblioteca Nacional de Agricultura
041 _a(Pt)
072 _aL73
100 1 _aMolnar, E.
100 1 _aMolnar, L.
100 1 _aDias, H.T.
100 1 _aSilva, A.O.A. da
100 1 _aVale, W.G.
245 1 _aOcorrencia da leucose enzootica dos bovinos nos Estados do Para, Brasil
650 _aBovino
650 _aLeucose
650 _aInfeccao
650 _aAnalise de Laboratorio
650 _aPara
773 0 _tPesquisa Veterinaria Brasileira (Brazil)
_xISSN 0100-736X
_g(Jan-Mar 1999), v. 19(1) p. 7-11
_wBR9904656
909 _a202311
_bLúcia
_c55
_dLúcia Elande
942 _2AGRIS
_n0
_cANA
999 _c162718
_d162718